000 01022cam a2200289 i 4500
001 bg
003 KOSZ 005
005 20221202115712.0
008 970510s1994 pl a |001 0 pol
015 _aPB 1994/2418
020 _a8385428046
040 _aWA N
_cKOSZ 005/HR
_dKOSZ 005/HR
041 0 _apol
_aeng
080 _a339.138
100 1 _aSztucki, Tadeusz
_d(1919-2001)
_eAutor
245 1 0 _aMarketing :
_bsposób myślenia, system działania /
_cTadeusz Sztucki.
250 _a[Wyd. 2 rozsz.].
260 _aWarszawa :
_b"Placet",
_c1994.
300 _a223 s. :
_brys. ;
_c24 cm.
490 1 _aBiblioteka Biznesmena.
500 _aU dołu s. tyt. : Teoria i praktyka marketingu : kluczowe pytania i odpowiedzi, polsko-angielska terminologia marketingu. - Tekst częśc. ang.
504 _aIndeks.
650 4 _aMarketing
830 0 _aBiblioteka Biznesmena
856 _uhttp://koha.tu.koszalin.pl/cgi-bin/koha/opac-detail.pl?biblionumber=31324
_yKatalog online BPK
942 _2UKD
_cKS
999 _c31324
_d31324